LIBRARY & INFORMATION CENTRE, KCAET, TAVANUR

ONLINE PUBLIC ACCESS CATALOGUE (OPAC)

Environmental studies (Record no. 13922)

MARC details
000 -LEADER
fixed length control field 00299nam a22001217a 4500
020 ## - INTERNATIONAL STANDARD BOOK NUMBER
ISBN 9788126519439
082 ## - DEWEY DECIMAL CLASSIFICATION NUMBER
Classification number 628
Item number DAN/EN
100 ## - MAIN ENTRY--AUTHOR NAME
Personal name Daniels, Ranjit R.J
245 ## - TITLE STATEMENT
Title Environmental studies
260 ## - PUBLICATION, DISTRIBUTION, ETC. (IMPRINT)
Place of publication New Delhi
Name of publisher Wiley India Pvt. Ltd.
Year of publication 2010
700 ## - ADDED ENTRY--PERSONAL NAME
Personal name Krishnaswamy, Jagdish
942 ## - ADDED ENTRY ELEMENTS (KOHA)
Koha item type Books
Holdings
Withdrawn status Lost status Damaged status Collection code Home library Current library Shelving location Date acquired Source of acquisition Cost, normal purchase price Full call number Accession Number Koha item type
      Non-fiction KAUAET KAUAET General Stacks 30/03/2013 Calicut Book Distributors 319.00 628 DAN/EN 23660 Books
free website counter